Organizational behavior and personnel psychology

Сохранить в:
Библиографические подробности
Главные авторы: Wexley, Kenneth N (Автор), Yukl, Gary A (Автор)
Формат:
Язык:английский
Опубликовано: Homewood Richard D. Irwin 1977
Серии:The Irwin Series in Management and the Behavioral Sciences
Предметы:
Метки: Добавить метку
Нет меток, Требуется 1-ая метка записи!

MARC

LEADER 00000nam a2200000 a 4500
001 UCR9214
003 CL-VaPUC
008 980613e19770000US |||||||||||||||||eng|d
082 0 4 |a 658.3  |b WEX  |2 21 
100 0 |a Wexley, Kenneth N  |e author  |9 411493 
700 0 |a Yukl, Gary A  |e author  |9 411494 
245 1 0 |a Organizational behavior and personnel psychology 
300 |a 375 p 
942 |c BK 
945 |d 19980613 00:00:00  |a cmena 
260 |a Homewood  |b Richard D. Irwin  |c 1977 
650 0 |a Administración de empresas   |9 260833 
650 0 |a Administración del personal  |9 260442 
650 0 |a Comportamiento   |9 308406 
650 0 |a Estructura organizacional   |9 390800 
650 7 |a CONDUCTA ORGANIZACIONAL  |2 CL-VaPUC  |9 263671 
650 0 |a Recursos humanos   |9 228420 
650 7 |a MEDIO AMBIENTE LABORAL  |2 CL-VaPUC  |9 380233 
650 7 |a EQUIPOS DE TRABAJO  |2 CL-VaPUC  |9 384715 
650 0 |a Liderazgo  |9 271835 
650 0 |a Psicología aplicada   |9 270762 
650 0 |a Personalidad   |9 307255 
583 |a last modification  |c 19980613 00:00:00  |k Rodrigo Vera 
490 0 |a The Irwin Series in Management and the Behavioral Sciences 
999 |c 270416  |d 270414 
952 |0 0  |1 0  |4 0  |6 658_300000000000000_WEX_1977  |7 0  |8 P  |9 304701  |a BIBGIM  |b BIBGIM  |d 2019-11-20  |i 1410806  |o 658.3 WEX 1977  |p 1410806  |r 2025-01-15  |w 2019-11-20  |y BK  |k COM